000 00381 a2200169 4500
001 186231
020 _a85-04-00622-0
040 _cMagnum
100 _aCalais, Alexandre
240 1 0 _aMeu brasil brasileiro
_lpor
245 1 0 _aMeu brasil brasileiro
300 _a63
362 0 _a2004
440 1 _aCompanhia Editora Nacional
697 _aLITERATURA JUVENIL
942 _cBK
999 _c186231
_d186231